CrisCros = CrissCross /
Uloženo v:
| Hlavní autor: | |
|---|---|
| Další autoři: | , , , , , , |
| Médium: | |
| Jazyk: | angličtina |
| Vydáno: |
Santa Mónica, EUA :
Metro-Goldwyn-Mayer,
1991, c1991
México : Videovisa [distribución], 1992, c1992 |
| Témata: | |
| Tagy: |
Žádné tagy, Buďte první, kdo vytvoří štítek k tomuto záznamu!
|
MARC
| LEADER | 00000ngm^a2200000^a^4500 | ||
|---|---|---|---|
| 001 | 000261854 | ||
| 005 | 20250521000000.0 | ||
| 009 | 20260310110524.616 | ||
| 037 | |a Acervo Xavier Clavigero | ||
| 041 | |a ING | ||
| 082 | |a 810. |b MEN | ||
| 100 | |a Menges, Chris |e (realización) | ||
| 245 | 1 | 0 | |a CrisCros = |b CrissCross / |c Realización de C. Menges. |
| 264 | 4 | |a Santa Mónica, EUA : |b Metro-Goldwyn-Mayer, |c 1991, c1991 | |
| 264 | 4 | |a México : |b Videovisa [distribución], |c 1992, c1992 | |
| 300 | |a 1 videocasete VHS |c (110 min.) | ||
| 336 | |a imagen móvil bidimensional |b tdi |2 rdacontenido | ||
| 337 | |a video |b v |2 rdamedio | ||
| 338 | |a videocasete |b vf |2 rdasoporte | ||
| 500 | |a Basado en: CrissCross, de Scott Sommer | ||
| 530 | |a Existe una edición en formato audiovisual en DVD con el mismo título | ||
| 546 | |a En inglés, con subtítulos en español | ||
| 649 | |a XX | ||
| 650 | |a Cineastas Ingleses | ||
| 650 | |a Strippers en el Cine | ||
| 650 | |a Madres en el Cine | ||
| 650 | |a Mujeres en el Cine | ||
| 650 | |a Melodramas | ||
| 650 | |a Dramas Cinematográficos | ||
| 650 | |a Cine Norteamericano - |y 1990-1999 | ||
| 650 | |a Cine Norteamericano - |y Siglo XX | ||
| 650 | |a Novela Norteamericana - |x Adaptaciones para Cine | ||
| 650 | |a Literatura Norteamericana - |y Siglo XX - |x Adaptaciones para Cine | ||
| 650 | |a Literatura y Cine | ||
| 650 | |a Maternidad | ||
| 650 | |a Relaciones Padres-Hijos | ||
| 650 | |a Narcotráfico | ||
| 650 | |a Bares y Centros Nocturnos en el Cine | ||
| 700 | |a Sommer, Scott |e (guión) | ||
| 700 | |a Strasburg, Ivan |e (fotógrafo) | ||
| 700 | |a Lawson, Tony |e (montaje) | ||
| 700 | |a Jones, Trevor |e (música) | ||
| 700 | |a Hawn, Goldie |e (actuación) | ||
| 700 | |a Howard, Arliss |e (actuación) | ||
| 700 | |a Gammon, James |e (actuación) | ||
| 910 | |a Fondo General | ||
| 920 | |a Audiovisuales - Videocasetes | ||
| 940 | |a Películas | ||
| 905 | |a 301 | ||
| 901 | |a V00586 |b IT2 |c VIS |u 20250521 | ||
| 902 | |a https://opac.biblio.iteso.mx/vufind/Record/000261854 | ||